Information systems technology / (Record no. 7016)

MARC details
000 -LEADER
fixed length control field 01037cam a22001574a 4500
020 ## - INTERNATIONAL STANDARD BOOK NUMBER
ISBN 0130497509 (Student)
050 00 - CALL NUMBER
Classification number T58.5
Item number .M31
100 1# - AUTHOR
Personal name Malaga, Ross A.
245 10 - TITLE
Title Information systems technology /
Statement of responsibility, etc Ross A. Malaga.
260 ## - PUBLICATION INFORMATION
Place of publication Upper Saddle River, NJ :
Name of publisher Pearson Prentice Hall,
Year of publication c2005.
300 ## - DESCRIPTION
Number of Pages xxv, 386 p. :
Other physical details col. ill. ;
Dimensions 29 cm.
500 ## - NOTES
General note Includes index
505 ## - FORMATTED CONTENTS NOTE
Table of Content 1. Introduction to Information Systems Technology --<br/>2. Computer Hardware Technologies --<br/>3. Software Technologies --<br/>4. Database Technologies --<br/>5. Networking Technologies --<br/>6. Internet and World Wide Web Technologies --<br/>7. Using Information Systems for Electronic Business --<br/>8. Using Information Systems for Decision Making --<br/>9. Using Information Systems for Business Integration --<br/>10. Managing Information Systems for Strategic Advantage --<br/>11. Managing the Development and Purchase of Information Systems --<br/>12. Managing Security, Disaster Recovery, and Data Retention --
650 #0 - SUBJECTS
Topical Term Information technology.
942 ## - ADDED ENTRY ELEMENTS (KOHA)
Koha item type Books
Holdings
Withdrawn status Lost status Collection code Home library Current library Shelving location Date acquired Full call number Accession Number Koha item type
    Reference Methodist University Library Main Methodist University Library Main General Stacks   T58.5 .M31 38279 Books
Copyright © 2026  MUG Library